000
00283nam a22001217a 4500
003
SGT
082
_a
340.14
_b
ROY
100
_a
ROY, S. B
245
_a
INTERPRETATION OF TAXING STATUTES A STUDY
260
_a
NEW DELHI
_b
TAXATION PUBLISHER
_c
1973
300
_a
VI ,164
942
_2
ddc
_c
BK
999
_c
20751
_d
20751